Global aspects of food production / (Record no. 12018)

000 -LEADER
fixed length control field 00469cam a2200169 a 4500
020 ## - INTERNATIONAL STANDARD BOOK NUMBER
ISBN 1851480099 :
040 ## - CATALOGING SOURCE
Transcribing agency DLC
082 00 - DEWEY DECIMAL CLASSIFICATION NUMBER
Classification number 363 TYC 1986 A017 Or.
245 00 - TITLE STATEMENT
Title Global aspects of food production /
260 ## - PUBLICATION, DISTRIBUTION, ETC. (IMPRINT)
Place of publication Oxford [Oxfordshire] ;
-- Riverton, N.J. :
Name of publisher Tycooly International,
Year of publication c1986.
300 ## - PHYSICAL DESCRIPTION
Number of Pages xx, 449 p. :
Other physical details ill. ;
Dimensions 26 cm.
650 #0 - SUBJECT ADDED ENTRY--TOPICAL TERM
Topical Term Agriculture.
650 #0 - SUBJECT ADDED ENTRY--TOPICAL TERM
Topical Term Food supply.
700 1# - ADDED ENTRY--PERSONAL NAME
Personal name Swaminathan, M. S.
700 1# - ADDED ENTRY--PERSONAL NAME
Personal name Sinha, S. K.
942 ## - ADDED ENTRY ELEMENTS (KOHA)
Koha item type សៀវភៅភាសាអង់គ្លេស

No items available.

មជ្ឈមណ្ឌលឯការនៃសាកលវិទ្យាល័យភូមិន្ទកសិកម្មចំការដូង

Powered by Koha